000
00290nam a22001337a 4500
008
171010b xxu||||| |||| 00| 0 eng d
020
_a
9781259118845
041
_a
eng
080
_2
8TH
_a
316
100
_a
50
101
_a
SOC
245
_a
HUMAN SEXUALITY
_c
YARBER.W/L
942
_2
udc
_c
BK
999
_c
32904
_d
32904